banner-ar

مسيحيون فى مكة / (Record no. 60090)

MARC details
000 -الفاتح
حقل البيانات ثابتة الطول 00823nam a2200241 4500
005 - وقت وتاريخ اخر تعامل مع التسجيلة
رقم الضبط 20240530110352.0
008 - عناصر البيانات ثابتة الطول - معلومات عامة
حقل البيانات ثابتة الطول 141225s2009 uk g 000 0 ara d
020 ## - الرقم الدولى المعيارى للكتب
الرقم الدولى المعيارى للكتاب 190070093X
040 ## - مصدر الفهرسة
وكالة الفهرسة الأصلية EG-CaGPL
041 1# - رمز اللغة
رمز لغة النص/ المسارات الصوتية أو العنوان الانفرادي ara
رمز لغة الترجمات و/او الاصلية المتوسطة للنص eng
082 04 - رقم تصنيف ديوى العشرى
رقم الطبعة 21
رقم التصنيف 910.4\
رقم المادة ر م
100 1# - المدخل الرئيسى - إسم شخصى
الإسم الشخصى رالى ، اغسطس
245 10 - بيان العنوان
العنوان مسيحيون فى مكة /
بيان المسئوليه,etc اغسطس رالى ؛ ترجمة رمزى بدر
250 ## - بيان الطبعة
بيان الطبعة ط2
260 ## - PUBLICATION, DISTRIBUTION, ETC. (IMPRINT)
تاريخ النشر أو التوزيع 2009
300 ## - الوصف المادى
التعداد 256 ص ؛
أبعاد الوعاء 24 سم
650 04 - المدخل الاضافى بالموضوع-مصطلح موضوعى
مصطلح موضوعي المرتدون عن المسيحية
التقسيم الفرعي العام تاريخ
التقسيم الفرعي الجغرافي السعودية
650 04 - المدخل الاضافى بالموضوع-مصطلح موضوعى
مصطلح موضوعي الاماكن المقدسة
651 04 - المدخل الاضافى بالموضوع - اسم جغرافى
الاسم الجغرافي مكة المكرمة
700 0# - المدخل الاضافى - اسم شخصى
الإسم الشخصى رمزى بدر
الدور مترجم
942 ## - عناصر المدخل الإضافي( كوها)
مصدر التصنيف او مخطط الترفيف Dewey Decimal Classification
Koha [default] item type كتاب
260 ## - PUBLICATION, DISTRIBUTION, ETC. (IMPRINT)
-- لندن :
-- شركة دار الوراق للنشر المحدودة ،
Holdings
حالة التراجع حالة الفقد حالة تلف ليس للاعارة المكان المؤقت الموقع الحالى تاريخ الاكتساب اجمالي اﻻعارات رقم الطلب الباركود تاريخ اخر مشاهدة تاريخ تفعيل السعر نوع وعاء كوها
        مكتبة القاهرة الكبرى مكتبة القاهرة الكبرى 12/25/2014   910.4\ ر م 159079 12/25/2014 12/25/2014 كتاب

Powered By

EGPV